=LDR 00000nam 2200000 4500 =001 INLIS000000000014560 =005 20130612105836 =008 ***********************************Ind** =035 ##$$0010-061300000014560 =041 ##$$a Ind =082 ##$$a 639.34 =090 ##$$a 639.34, Eff m =100 ##$$a Efendi Hersamto =245 ##$$a Memelihara Maskoki alam Akua Rium, Hersamto Effeendi =260 ##$$a 1990 $b yogyaaakarta =300 ##$$a 43,Hlm, ILus, 21 Cm =650 ##$$a MAskoki Akuarim =850 ##$$a NBPNMAT